| 000 | 01867nam a2200517 i 4500 | ||
|---|---|---|---|
| 001 | 15254 | ||
| 003 | KOSZ 005 | ||
| 005 | 20200624090425.0 | ||
| 008 | 200407s1972 pl a f 000 0 pol | ||
| 015 | _aUWD 1973/1246 | ||
| 035 | _a991032463749705066 | ||
| 035 | _a(PL-WaBN)b18710979-48omnis_nlop | ||
| 035 | _ab18710979 | ||
| 035 | _a(OCoLC)749350918 | ||
| 035 | _a(PL)b0000001871097 | ||
| 035 | _a(EXLNZ-48OMNIS_NETWORK)9910228661205606 | ||
| 040 |
_aWA N _cWA N _dKOSZ 005/RW |
||
| 041 | 0 |
_apol _hrus |
|
| 046 | _k1969 | ||
| 080 | _a531/534 | ||
| 080 | _a(076) | ||
| 100 | 1 |
_aKotkin, Gleb Leonidovič _eAutor |
|
| 245 | 1 | 0 |
_aZbiór zadań z mechaniki klasycznej / _cG. L. Kotkin, W. G. Serbo ; tłumaczenie z rosyjskiego Piotr Kucharczyk. |
| 246 | 1 |
_iTytuł oryginału: _aSbornik zadač po klassičeskoj mehanike |
|
| 260 |
_aWarszawa : _bWydawnictwa Naukowo-Techniczne, _c1972. |
||
| 300 |
_a269, [2] stron : _bilustracje ; _c21 cm. |
||
| 336 |
_aTekst _btxt _2rdacontent |
||
| 337 |
_aBez urządzenia pośredniczącego _bn _2rdamedia |
||
| 338 |
_aWolumin _bnc _2rdacarrier |
||
| 380 | _aKsiążki | ||
| 380 | _aPublikacje dydaktyczne | ||
| 388 | _a1901-2000 | ||
| 388 | _a1945-1989 | ||
| 504 | _aBibliografia na stronie [271]. | ||
| 521 | 8 | _aKsiążka przeznaczona jest dla studentów fizyki i specjalności mechanicznych politechnik. | |
| 650 | 7 |
_aMechanika _2DBN |
|
| 655 | 7 |
_aĆwiczenia i zadania _2DBN |
|
| 658 | _aFizyka i astronomia | ||
| 658 | _aInżynieria i technika | ||
| 700 | 1 |
_aSerbo, Valerij Georgievič _eAutor |
|
| 700 | 1 |
_aKucharczyk, Piotr _eTłumaczenie |
|
| 710 | 2 |
_aWydawnictwa Naukowo-Techniczne _4pbl |
|
| 856 |
_uhttp://koha.tu.koszalin.pl/cgi-bin/koha/opac-detail.pl?biblionumber=15254 _yKatalog online BPK |
||
| 942 |
_2UKD _cKS |
||
| 999 |
_c15254 _d15254 |
||